Gandhi before India / (Record no. 89371)
[ view plain ]
| 000 -LEADER | |
|---|---|
| fixed length control field | 01313nam a22003377a 4500 |
| 005 - DATE AND TIME OF LATEST TRANSACTION | |
| control field | 20210204105651.0 |
| 010 ## - LCCN (DPL NO) | |
| LC control number | BAC-EN21 ENG-111917 B-736826 |
| 020 ## - INTERNATIONAL STANDARD BOOK NUMBER | |
| International Standard Book Number | 9780670083879 |
| Terms of availability | 899.00 |
| 020 ## - INTERNATIONAL STANDARD BOOK NUMBER | |
| International Standard Book Number | 9780143423416 |
| Terms of availability | 599.00 |
| 035 ## - SYSTEM CONTROL NUMBER | |
| System control number | EN-95449 |
| 035 ## - SYSTEM CONTROL NUMBER | |
| System control number | B-588045-052 |
| 035 ## - SYSTEM CONTROL NUMBER | |
| System control number | B-664859 |
| 035 ## - SYSTEM CONTROL NUMBER | |
| System control number | B-736826 |
| 037 ## - SOURCE OF ACQUISITION | |
| Source of stock number/acquisition | Munshiram Manohar Lal/Ven |
| Stock number | dpl |
| 037 ## - SOURCE OF ACQUISITION | |
| Source of stock number/acquisition | DBAD/PUB |
| 037 ## - SOURCE OF ACQUISITION | |
| Source of stock number/acquisition | MMP |
| 037 ## - SOURCE OF ACQUISITION | |
| Source of stock number/acquisition | Gift/Eng/03-02-2021 |
| 082 ## - DEWEY DECIMAL CLASSIFICATION NUMBER | |
| Classification number | 301.153 |
| 100 ## - MAIN ENTRY--PERSONAL NAME | |
| Personal name | Guha, Ramachandra |
| 245 ## - TITLE STATEMENT | |
| Title | Gandhi before India / |
| Statement of responsibility, etc | by Ramachandra Guha |
| 260 ## - PUBLICATION, DISTRIBUTION, ETC. (IMPRINT) | |
| Place of publication, distribution, etc | New Delhi |
| Name of publisher, distributor, etc | Penguin Books |
| Date of publication, distribution, etc | 2013 |
| 270 ## - ADDRESS | |
| Address | 11 Community Centre, Pancsheel Park |
| City | New Delhi |
| Postal code | 110017 |
| 300 ## - PHYSICAL DESCRIPTION | |
| Extent | x,673p.,16 pages of unnumbered plates: |
| Dimensions | 24cm(Hb) |
| Other physical details | maps |
| 500 ## - GENERAL NOTE | |
| General note | Includes index |
| 600 ## - SUBJECT ADDED ENTRY--PERSONAL NAME | |
| Personal name | Gandhi, Mahatma, |
| Dates associated with a name | 1869-1948. |
| 650 ## - SUBJECT ADDED ENTRY--TOPICAL TERM | |
| Topical term or geographic name as entry element | Statesmen |
| Geographic subdivision | India |
| 942 ## - ADDED ENTRY ELEMENTS (KOHA) | |
| Source of classification or shelving scheme | Dewey Decimal Classification |
| Item type | English Books |
| Call number suffix | GUH |
| Classification part | 301.153 |
| Withdrawn status | Lost status | Not for loan | Collection code | Home library | Current library | Date acquired | Source of acquisition | Cost, normal purchase price | Full call number | Barcode | Copy number | Cost, replacement price | Koha item type |
|---|---|---|---|---|---|---|---|---|---|---|---|---|---|
| Non-fiction | Ashok Vihar | Ashok Vihar | 24/02/2018 | MML/187365/04.03.2017/424/15.02.2017/07.03.2017 | 599.00 | 301.153 GUH | B-664859 | 1 | 599.00 | English Books | |||
| Non-fiction | Central Library | Central Library | 25/05/2015 | Munshiram Manoharlal Pub/165229/19.12.14/179/8.12.14/14.1.15 | 899.00 | 301.153 GUH | B-588045 | 1 | 899.00 | English Books | |||
| Non-fiction | Central Library | Central Library | 04/02/2021 | Gift/Eng/03-02-2021 | 899.00 | 301.153 GUH | B-736826 | 1 | 899.00 | English Books | |||
| Not For Loan | Fiction | D.B.Act.Division | D.B.Act.Division | 23/01/2015 | DBAD / PUB | 899.00 | 301.153 GUH | EN-95449 | 1 | 899.00 | English Books | ||
| Non-fiction | Janak Puri | Janak Puri | 25/05/2015 | Munshiram Manoharlal Pub/165229/19.12.14/179/8.12.14/14.1.15 | 899.00 | 301.153 GUH | B-588048 | 1 | 899.00 | English Books | |||
| Non-fiction | Karol Bagh | Karol Bagh | 25/05/2015 | Munshiram Manoharlal Pub/165229/19.12.14/179/8.12.14/14.1.15 | 899.00 | 301.153 GUH | B-588051 | 1 | 899.00 | English Books | |||
| Non-fiction | New Police Line | New Police Line | 25/05/2015 | Munshiram Manoharlal Pub/165229/19.12.14/179/8.12.14/14.1.15 | 899.00 | 301.153 GUH | B-588046 | 1 | 899.00 | English Books | |||
| Non-fiction | Patel Nagar | Patel Nagar | 25/05/2015 | Munshiram Manoharlal Pub/165229/19.12.14/179/8.12.14/14.1.15 | 899.00 | 301.153 GUH | B-588047 | 1 | 899.00 | English Books | |||
| Non-fiction | R.K.Puram-8 | R.K.Puram-8 | 25/05/2015 | Munshiram Manoharlal Pub/165229/19.12.14/179/8.12.14/14.1.15 | 899.00 | 301.153 GUH | B-588050 | 1 | 899.00 | English Books | |||
| Non-fiction | Sarojini Nagar | Sarojini Nagar | 25/05/2015 | Munshiram Manoharlal Pub/165229/19.12.14/179/8.12.14/14.1.15 | 899.00 | 301.153 GUH | B-588049 | 1 | 899.00 | English Books | |||
| Non-fiction | Shahdara Branch | Shahdara Branch | 25/05/2015 | Munshiram Manoharlal Pub/165229/19.12.14/179/8.12.14/14.1.15 | 899.00 | 301.153 GUH | B-588052 | 1 | 899.00 | English Books |
